000 00581cab a2200241 4500
001 X2706
008 090401t1990 xxu||||| |||| 00| 0 eng d
035 _a(Sirsi) u25883
041 _aeng
100 _aTse Liong, Kwong
245 _aMalaysia : cool response to trust funds
260 _c1990
350 _a0
490 _aAsian Property
_vMarch 1990, 22-23(2)
650 _aINVESTMENT
650 _aMARKET
650 _aPROPERTY TRUSTS
650 _aPROPERTY
650 _aUNIT TRUSTS
690 _aOVERSEAS-REST OF THE WORLD
942 _n0
948 _c04/03/1997
999 _c17391
_d17391